Подробности
| 000 -МАРКЕР |
| контрольное поле |
02065nam0a22003491 4500 |
| 001 - ИДЕНТИФИКАТОР ЗАПИСИ |
| контрольное поле |
rc\3748828 |
| 005 - ИДЕНТИФИКАТОР ВЕРСИИ |
| контрольное поле |
20260409064910.0 |
| 021 ## - НОМЕР ГОСУДАРСТВЕННОЙ РЕГИСТРАЦИИ |
| Код страны |
Российская Федерация |
| Номер |
[72-93228] |
| 035 ## - ДРУГИЕ СИСТЕМНЫЕ НОМЕРА |
| Идентификатор записи |
(NLR Aleph) 007873360 |
| 100 ## - ДАННЫЕ ОБЩЕЙ ОБРАБОТКИ |
| Данные общей обработки |
20130115d1972 u y0rusy50 ca |
| 101 0# - ЯЗЫК РЕСУРСА |
| Язык текста, звукозаписи и т.д. |
русский |
| 102 ## - СТРАНА ПУБЛИКАЦИИ ИЛИ ПРОИЗВОДСТВА |
| Страна публикации |
Российская Федерация |
| 105 ## - ПОЛЕ КОДИРОВАННЫХ ДАННЫХ: ТЕКСТОВЫЕ МАТЕРИАЛЫ, МОНОГРАФИЧЕСКИЕ |
| Кодированные данные о монографическом текстовом документе |
a g ||||| |
| 200 1# - ЗАГЛАВИЕ И СВЕДЕНИЯ ОБ ОТВЕТСТВЕННОСТИ |
| Основное заглавие |
Стальные конструкции |
| Сведения, относящиеся к заглавию |
Справочник конструктора |
| Первые сведения об ответственности |
Под общ. ред. д-ра техн. наук, проф. Н.П. Мельникова |
| Последующие сведения об ответственности |
Центр. науч.-исслед. и проектный ин-т строит. металлоконструкций "Проектстальконструкция" |
| 205 ## - СВЕДЕНИЯ ОБ ИЗДАНИИ |
| Сведения об издании |
2-е изд., перераб. и доп. |
| 210 ## - ПУБЛИКАЦИЯ, РАСПРОСТРАНЕНИЕ И ДР. |
| Место издания, распространения и т.д. |
Москва |
| Имя издателя, распространителя и т. д. |
Стройиздат |
| Дата издания, распространения и т.д. |
1972 |
| 215 ## - ФИЗИЧЕСКАЯ ХАРАКТЕРИСТИКА |
| Специфическое обозначение материала и объем |
328 с. |
| Другие сведения о физической характеристике |
черт. |
| Размеры |
26 |
| 300 ## - ОБЩИЕ ПРИМЕЧАНИЯ |
| Текст примечания |
На 6-й с. сост.: инженеры А.Г. Тахтамышев и Т.П. Невзорова |
| 300 ## - ОБЩИЕ ПРИМЕЧАНИЯ |
| Текст примечания |
1-е изд. вышло под загл.: Справочник конструктора по стальным конструкциям |
| 451 #0 - ДРУГОЕ ИЗДАНИЕ [КАТАЛОГИЗИРУЕМОГО ДОКУМЕНТА] НА АНАЛОГИЧНОМ НОСИТЕЛЕ |
| Встроенное поле |
2001#$aСправочник конструктора по стальным конструкциям |
| -- |
205##$a1-е изд. |
| Заглавие |
Справочник конструктора по стальным конструкциям |
| 606 ## - НАИМЕНОВАНИЕ ТЕМЫ КАК ПРЕДМЕТ |
| Наименование темы |
Стальные конструкции |
| Тематический подзаголовок |
Расчет |
| Формальный подзаголовок |
Справочники |
| Код системы |
psbo |
| 702 #1 - ИМЯ ЛИЦА - ВТОРИЧНАЯ ОТВЕТСТВЕННОСТЬ |
| Начальный элемент ввода |
Невзорова |
| Часть имени, кроме начального элемента ввода |
Т.П. |
| Код отношения |
Составитель |
| 702 #1 - ИМЯ ЛИЦА - ВТОРИЧНАЯ ОТВЕТСТВЕННОСТЬ |
| Начальный элемент ввода |
Мельников |
| Часть имени, кроме начального элемента ввода |
Н.П. |
| Расширение инициалов личного имени |
Николай Прокофьевич |
| Код отношения |
Редактор |
| 702 #1 - ИМЯ ЛИЦА - ВТОРИЧНАЯ ОТВЕТСТВЕННОСТЬ |
| Начальный элемент ввода |
Тахтамышев |
| Часть имени, кроме начального элемента ввода |
А.Г. |
| Расширение инициалов личного имени |
Андрей Георгиевич |
| Код отношения |
Составитель |
| 712 02 - НАИМЕНОВАНИЕ ОРГАНИЗАЦИИ - ВТОРИЧНАЯ ОТВЕТСТВЕННОСТЬ |
| Код отношения |
Прочие |
| Начальный элемент ввода |
Центральный научно-исследовательский и проектный институт строительных металлоконструкций им. Н. П. Мельникова |
| Идентифицирующий признак |
Москва |
| Идентификатор авторитетной/нормативной записи |
RU\NLR\AUTH\880635843 |
| Системный номер авторитетной/нормативной записи |
2688328 |
| 801 #0 - ИСТОЧНИК ЗАПИСИ |
| Страна |
Российская Федерация |
| Организация |
NLR |
| Правила каталогизации |
psbo |
| 801 #1 - ИСТОЧНИК ЗАПИСИ |
| Страна |
Российская Федерация |
| Организация |
ELAR |
| Источник данных |
rusmarc |
| 852 ## - МЕСТОНАХОЖДЕНИЕ И ШИФР ХРАНЕНИЯ |
| Идентификатор организации |
NLR |
| Шифр хранения (Call Number) |
72-7/2021 |
| 942 ## - ДОПОЛНИТЕЛЬНЫЕ ЭЛЕМЕНТЫ ЗАПИСИ (АБИС) |
| Тип экземпляра АБИС |
Книга |
| 980 ## - КОЛЛЕКЦИЯ |
| Название коллекции |
Национальная библиография |